00451nam a22001331a 4500003000600000005001700006008004100023245007200064260003500136300000900171440003200180500008700212650001800299NEGST20150929020002.0030618s1964 pau 001 0 eng d14aThe eclipse of the historical Jesus /cby Henry J. Cadbury.h[Text] aLebanon, PAbPendle Hillc1964 a35p. 0aPendle Hill pamphlet ;v133 aHaverford library lectures, Haverford College, April, 1963. Includes bibliography. 0aJesus Christ.